| 000 | 00000nas##2200000za#4500 |
|---|---|
| 001 | 9.512907 |
| 003 | CaOODSP |
| 005 | 20250910142444 |
| 007 | ta |
| 008 | 150406c1999||||xxc|| m #||||f| |0fre|d |
| 040 | |aCaOODSP|bfre |
| 043 | |an-cn--- |
| 086 | 1 |aD2-63F |
| 110 | 1 |aCanada. |bMinistère de la défense nationale. |
| 245 | 10|aHistoire officielle de l'Aviation royale du Canada |
| 260 | |aOttawa - Ontario : |bDéfense nationale |
| 563 | |aCouverture rigide |
| 775 | 08|tOfficial history of the Royal Canadian Air Force |w(CaOODSP)9.514500 |
| 776 | 0#|tHistoire officielle de l'Aviation royale du Canada.|w(CaOODSP)9.504263 |